000 00273nam a22001217a 4500
008 170713b xxu||||| |||| 00| 0 eng d
041 _aeng
080 _a32
100 _a20
101 _aSHP
245 _aPOLITICS OF THE DEVELOPING NATIONS
_cMEHDEN,F.R
942 _2udc
_cBK
999 _c20664
_d20664